Central Library OPAC University of Rajshahi

"Student's" collected papers / (Record no. 51382)

MARC details
000 -LEADER
fixed length control field 00942nam a2200253 4500
001 - CONTROL NUMBER
control field 51382
003 - CONTROL NUMBER IDENTIFIER
rucl marc code BD-RjUL
005 - DATE AND TIME OF LATEST TRANSACTION
control field 20211209075642.0
008 - FIXED-LENGTH DATA ELEMENTS--GENERAL INFORMATION
fixed length control field 160830s1958 enka 000 0 eng d
035 ## - SYSTEM CONTROL NUMBER
System control number (NIC)notisAAE1609
System control number (CStRLIN)NYCX85-B33800
System control number (CaOTULAS)124155618
-- (BD-RjUL)51502
040 ## - CATALOGING SOURCE
Original cataloging agency NIC
Transcribing agency NIC
Language of cataloging eng
Modifying agency BD-RjUL
041 ## - LANGUAGE CODE
Language code of text/sound track or separate title eng
082 ## - DEWEY DECIMAL CLASSIFICATION NUMBER
Edition number 23
Classification number 519.5
Author mark and year GOS 1958
100 1# - MAIN ENTRY--PERSONAL NAME
Personal name Gosset, William Sealy,
Dates associated with a name -1937.
9 (RLIN) 153688
245 11 - TITLE STATEMENT
Title "Student's" collected papers /
Statement of responsibility, etc. William Sealy Gosset ; edited by E. S. Pearson and John Wishart, with a foreword by Launce McMullen.
260 ## - PUBLICATION, DISTRIBUTION, ETC. (IMPRINT)
Place of publication, distribution, etc. Cambridge [Eng.] :
Name of publisher, distributor, etc. Published for the Biometrika Trustees at the University Press,
Date of publication, distribution, etc. 1958.
300 ## - PHYSICAL DESCRIPTION
Pagination xvi, 224 p. :
Illustrations illus. ;
Size 24 cm.
650 #0 - SUBJECT ADDED ENTRY--TOPICAL TERM
Topical term or geographic name as entry element Mathematical statistics
9 (RLIN) 153689
700 1# - ADDED ENTRY--PERSONAL NAME
Personal name Pearson, E. S.
Fuller form of name (Egon Sharpe),
Dates associated with a name 1895-1980
Personal name Wishart, John,
Dates associated with a name 1898-1956.
942 ## - ADDED ENTRY ELEMENTS (KOHA)
Source of classification or shelving scheme Dewey Decimal Classification
Koha item type Books
Holdings
Lost status Source of classification or shelving scheme Damaged status Not for loan Collection code Permanent Location Current Location Shelving location Date acquired Source of acquisition Cost, normal purchase price Total Checkouts Full call number Date last seen Copy number Koha item type
  Dewey Decimal Classification   Not For Loan Non-fiction Central Library, University of Rajshahi Central Library, University of Rajshahi Reading Room 28/03/1964 Zeitlinger 21.00   519.5 GOS 1958 30/08/2016 C-1 Books